Vermeer : (Record no. 89412)

MARC details
000 -LEADER
campo de control de longitud fija 01316cam a2200373Ia 4500
001 - NÚMERO DE CONTROL
campo de control 72912
005 - FECHA Y HORA DE LA ÚLTIMA TRANSACCIÓN
campo de control 20230410132857.0
008 - DATOS DE LONGITUD FIJA--INFORMACIÓN GENERAL
campo de control de longitud fija 020325t2001 nyuabf b 001 0beng d
010 ## - NÚMERO DE CONTROL DE LA BIBLIOTECA DEL CONGRESO
Número de control de LC 00066366
035 ## - NÚMERO DE CONTROL DEL SISTEMA
Número de control de sistema (OCoLC)ocm49391703
040 ## - FUENTE DE CATALOGACIÓN
Centro catalogador/agencia de origen TEF
Centro/agencia transcriptor TEF
Centro/agencia modificador BAKER
-- YDXCP
-- OCLCG
020 ## - NÚMERO INTERNACIONAL ESTÁNDAR DEL LIBRO
Número Internacional Estándar del Libro 0805069305
020 ## - NÚMERO INTERNACIONAL ESTÁNDAR DEL LIBRO
Número Internacional Estándar del Libro 9780805069303
029 1# - OTRO NÚMERO DE CONTROL DE SISTEMA (OCLC)
Identificador de la biblioteca OCLC AU@
Número de control de sistema 000043029463
035 ## - NÚMERO DE CONTROL DEL SISTEMA
Número de control de sistema (OCoLC)49391703
043 ## - CÓDIGO DE ÁREA GEOGRÁFICA
Código de área geográfica e-ne---
050 14 - SIGNATURA TOPOGRÁFICA DE LA BIBLIOTECA DEL CONGRESO
Número de clasificación B ND 653
Número de ítem V523B 2001
082 00 - NÚMERO DE LA CLASIFICACIÓN DECIMAL DEWEY
Número de clasificación 759.9492
049 ## - FONDOS LOCALES (OCLC)
Biblioteca depositaria GRAL
100 1# - ENTRADA PRINCIPAL--NOMBRE DE PERSONA
Nombre de persona Bailey, Anthony,
Fechas asociadas al nombre 1933-
245 10 - MENCIÓN DEL TÍTULO
Título Vermeer :
Resto del título a view of Delft /
Mención de responsabilidad, etc. Anthony Bailey.
260 ## - PUBLICACIÓN, DISTRIBUCIÓN, ETC.
Lugar de publicación, distribución, etc. New York :
Nombre del editor, distribuidor, etc. Henry Holt and Co.,
Fecha de publicación, distribución, etc. 2001.
300 ## - DESCRIPCIÓN FÍSICA
Extensión xiii, 272 p. :
Otras características físicas ill. (some col.), map ;
Dimensiones 22 cm.
440 #0 - MENCIÓN DE SERIE/PUNTO DE ACCESO ADICIONAL--TÍTULO
Título John Macrae / Owl Book
500 ## - NOTA GENERAL
Nota general "Simultaneously published in the United Kingdom under the title A view of Delft : Vermeer then and now by Chatto & Windus, London"--T.p. verso.
504 ## - NOTA DE BIBLIOGRAFÍA, ETC.
Nota de bibliografía, etc. Includes bibliographical references (p. [257]-262) and index.
600 10 - PUNTO DE ACCESO ADICIONAL DE MATERIA--NOMBRE DE PERSONA
Nombre de persona Vermeer, Johannes,
Fechas asociadas al nombre 1632-1675.
650 #0 - PUNTO DE ACCESO ADICIONAL DE MATERIA--TÉRMINO DE MATERIA
Término de materia o nombre geográfico como elemento de entrada Painters
Subdivisión geográfica Netherlands
Subdivisión de forma Biography.
650 #0 - PUNTO DE ACCESO ADICIONAL DE MATERIA--TÉRMINO DE MATERIA
Término de materia o nombre geográfico como elemento de entrada Delft (Netherlands) in art.
938 ## -
-- Baker & Taylor
-- BKTY
-- 16.00
-- 12.00
-- 0805069305
-- 0003794886
-- active
938 ## -
-- YBP Library Services
-- YANK
-- 1808437
942 ## - ELEMENTOS DE ENTRADA SECUNDARIOS (KOHA)
Fuente del sistema de clasificación o colocación Clasificación de Library of Congress
Tipo de ítem Koha
994 ## -
-- C0
-- DRFGD
Holdings
Estatus retirado Estado de pérdida Fuente del sistema de clasificación o colocación Estado de daño No para préstamo Colección Biblioteca de origen Biblioteca actual Ubicación en estantería Fecha de adquisición Serial enumeration / chronology Signatura topográfica completa Código de barras Visto por última vez Copia número Tipo de ítem Koha
    Clasificación de Library of Congress     Recursos Regionales Biblioteca Juan Bosch Biblioteca Juan Bosch Recursos Regionales (2do. Piso) 10/04/2023 1 B ND 653 V523B 2001 00000063914 17/11/2018 1